[Event "Minsk op"]
[Site "Minsk"]
[Date "2023.11.04"]
[Round "2"]
[White "Ocokoljic, Zoran"]
[Black "Popov, Ivan1"]
[Result "0-1"]
[WhiteElo "1922"]
[BlackElo "2628"]
[PlyCount "88"]
[EventDate "2023.11.03"]
[EventType "swiss"]
[EventRounds "9"]
[EventCountry "BLR"]
[SourceTitle "CB46_2023"]
[SourceDate "2023.11.15"]
[SourceVersion "1"]
[SourceVersionDate "2023.11.15"]
[SourceQuality "1"]

1. d4 Nf6 2. Nf3 c5 3. c4 cxd4 4. Nxd4 e6 5. Nc3 a6 6. e3 Qc7 7. Be2 Be7 8. 0-0 0-0 9. Qc2 b6 10. Bf3 Bb7 11. Bxb7 Qxb7 12. b3 Rc8 13. Bb2 b5 14. cxb5 axb5 15. a3 b4 16. axb4 Rxa1 17. Rxa1 Bxb4 18. Qd3 Bxc3 19. Bxc3 Nd5 20. Bd2 Nb4 21. Qb5 Qxb5 22. Nxb5 N8c6 23. Kf1 Rb8 24. Bxb4 Nxb4 25. Nc7 Kf8 26. Ra8 Rxa8 27. Nxa8 Nd3 28. Nb6 d5 29. f3 Nc5 30. b4 Na6 31. b5 Nc7 32. e4 dxe4 33. fxe4 Nxb5 34. Kf2 Ke7 35. Kf3 Na3 36. e5 Kd8 37. Na4 Kc7 38. Nc5 Kc6 39. Ne4 Nc4 40. Kf4 h6 41. h4 Kd5 42. Nc3+ Kc5 43. Ne4+ Kd4 44. g4 Nxe5 0-1

[Event "Prague Summer op-A 8th"]
[Site "Prague"]
[Date "2021.08.08"]
[Round "4"]
[White "Ocokoljic, Zoran"]
[Black "Frank, Adam"]
[Result "0-1"]
[WhiteElo "2012"]
[BlackElo "2210"]
[PlyCount "114"]
[EventDate "2021.08.06"]
[EventType "swiss"]
[EventRounds "9"]
[EventCountry "CZE"]
[SourceTitle "CBM 203 Extra"]
[Source "ChessBase"]
[SourceDate "2021.09.30"]
[SourceVersion "1"]
[SourceVersionDate "2021.09.30"]
[SourceQuality "1"]

1. d4 g6 2. Nf3 d6 3. c4 Bg7 4. Nc3 Nd7 5. e4 e5 6. Be2 Ngf6 7. 0-0 0-0 8. h3 c6 9. Be3 Re8 10. d5 Nc5 11. Qc2 a5 12. Ne1 Rf8 13. Bxc5 dxc5 14. Nd3 Nd7 15. Rad1 Qh4 16. Bf3 h5 17. Qe2 a4 18. Kh2 Bh6 19. g3 Qe7 20. Bg2 h4 21. g4 Nb6 22. b3 Bd7 23. f3 Ra5 24. Qf2 Rfa8 25. Rb1 axb3 26. axb3 Bc8 27. Qb2 Be3 28. Ra1 Bd4 29. Rxa5 Rxa5 30. Ra1 Rxa1 31. Qxa1 Qg5 32. Qe1 Be3 33. Ne2 Bd2 34. Qf2 Nd7 35. f4 exf4 36. Nexf4 Ba5 37. Qb2 Bc7 38. Qf2 Qf6 39. Kg1 Kg7 40. Ne2 Qa1+ 41. Bf1 Nf6 42. Qe3 Be5 43. dxc6 bxc6 44. Qxc5 Bb8 45. Qe3 Ba7 46. c5 Ba6 47. Nec1 Qc3 48. b4 Bb8 49. Qf3 Bg3 50. Qe3 Be5 51. Kg2 Bc4 52. Kf3 Bd4 53. Ne2 Qxd3 54. Qxd3 Bxd3 55. Nxd4 Bxf1 56. Nxc6 Bxh3 57. g5 Nxe4 0-1

[Event "Belgrade-chT"]
[Site "Belgrade"]
[Date "2015.09.29"]
[Round "8.5"]
[White "Ocokoljic, Zoran"]
[Black "Peovic, Milos"]
[Result "0-1"]
[WhiteElo "2039"]
[BlackElo "2200"]
[PlyCount "50"]
[EventDate "2015.09.21"]
[EventType "team-tourn"]
[EventRounds "9"]
[EventCountry "SRB"]
[SourceTitle "CBM 168 Extra"]
[Source "ChessBase"]
[SourceDate "2015.10.29"]
[SourceVersion "1"]
[SourceVersionDate "2015.10.29"]
[SourceQuality "1"]
[WhiteTeam "Mirijevo"]
[BlackTeam "Belgrade Sigurnost"]
[WhiteTeamCountry "SRB"]
[BlackTeamCountry "SRB"]

1. d4 Nf6 2. Nf3 c5 3. g3 g6 4. Bg2 Bg7 5. 0-0 0-0 6. c3 Qc7 7. Nbd2 b6 8. dxc5 bxc5 9. Nc4 Bb7 10. Bf4 Qd8 11. Qa4 Bc6 12. Qa3 d6 13. Rfd1 Nbd7 14. Ne1 Qc7 15. Na5 Bxg2 16. Kxg2 Rab8 17. Rab1 Rb5 18. b4 Rfb8 19. Nc2 cxb4 20. Rxb4 Rxa5 21. Qb3 Rc5 22. Nd4 e5 23. Ne6 fxe6 24. Qxe6+ Kh8 25. Rxd6 Re8 0-1

[Event "Belgrade-chT"]
[Site "Belgrade"]
[Date "2015.09.23"]
[Round "3.3"]
[White "Ocokoljic, Zoran"]
[Black "Pucarevic, Milenko"]
[Result "0-1"]
[WhiteElo "2039"]
[BlackElo "2165"]
[PlyCount "47"]
[EventDate "2015.09.21"]
[EventType "team-tourn"]
[EventRounds "9"]
[EventCountry "SRB"]
[SourceTitle "CBM 168 Extra"]
[Source "ChessBase"]
[SourceDate "2015.10.29"]
[SourceVersion "1"]
[SourceVersionDate "2015.10.29"]
[SourceQuality "1"]
[WhiteTeam "Mirijevo"]
[BlackTeam "Romanticari"]
[WhiteTeamCountry "SRB"]
[BlackTeamCountry "SRB"]

1. d4 c5 2. Nf3 cxd4 3. Nxd4 Nf6 4. g3 d5 5. Bg2 e5 6. Nb3 Nc6 7. 0-0 Be6 8. Bg5 Qd7 9. Nc3 d4 10. Bxf6 gxf6 11. Ne4 Be7 12. Nbc5 Qc8 13. c3 f5 14. Nxe6 Qxe6 15. cxd4 exd4 16. Nd2 h5 17. Nf3 Rd8 18. Qa4 h4 19. Nxd4 Rxd4 20. Bxc6+ bxc6 21. Qxd4 Rg8 22. Rad1 Kf8 23. Rd3 Rg4 24. Qh8+ 0-1

[Event "Belgrade-chT"]
[Site "Belgrade"]
[Date "2015.09.21"]
[Round "1.4"]
[White "Ocokoljic, Zoran"]
[Black "Gosic, Bogdan"]
[Result "1/2-1/2"]
[WhiteElo "2039"]
[BlackElo "2285"]
[PlyCount "93"]
[EventDate "2015.09.21"]
[EventType "team-tourn"]
[EventRounds "9"]
[EventCountry "SRB"]
[SourceTitle "CBM 168 Extra"]
[Source "ChessBase"]
[SourceDate "2015.10.29"]
[SourceVersion "1"]
[SourceVersionDate "2015.10.29"]
[SourceQuality "1"]
[WhiteTeam "Mirijevo"]
[BlackTeam "Belgrade"]
[WhiteTeamCountry "SRB"]
[BlackTeamCountry "SRB"]

1. d4 Nf6 2. Nf3 e6 3. c4 b6 4. a3 Bb7 5. Nc3 Ne4 6. Qc2 Nxc3 7. Qxc3 d6 8. b4 Nd7 9. Bb2 Be7 10. e3 Bf6 11. Be2 Qe7 12. 0-0 0-0 13. Qc2 c5 14. e4 cxd4 15. Bxd4 Rac8 16. Rac1 Rfd8 17. Rfd1 a6 18. Bxf6 Nxf6 19. e5 Nh5 20. exd6 Rxd6 21. Rxd6 Qxd6 22. Ng5 Qf4 23. Bf3 Bxf3 24. Nxf3 g6 25. Qd2 Rxc4 26. Qxf4 Rxf4 27. Rc6 a5 28. Rxb6 Rc4 29. g3 Rc3 30. Nd4 Rxa3 31. b5 Nf6 32. Rb8+ Kg7 33. b6 Ra1+ 34. Kg2 Rb1 35. Rb7 Kf8 36. Rb8+ Kg7 37. Rb7 Kf8 38. Nc6 Nd5 39. Rb8+ Kg7 40. b7 a4 41. Nd8 Nc7 42. Rc8 a3 43. Nxe6+ fxe6 44. Rxc7+ Kf6 45. Rc3 a2 46. Ra3 Rxb7 47. Rxa2 1/2-1/2

[Event "Belgrade-chT"]
[Site "Belgrade"]
[Date "2014.11.05"]
[Round "13"]
[White "Ocokoljic, Zoran"]
[Black "Todorovic, Violeta"]
[Result "1/2-1/2"]
[WhiteElo "1975"]
[BlackElo "2117"]
[PlyCount "63"]
[EventDate "2014.10.04"]
[EventType "team-tourn"]
[EventRounds "13"]
[EventCountry "SRB"]
[SourceTitle "EXT 2015"]
[Source "ChessBase"]
[SourceDate "2014.11.20"]
[SourceVersion "1"]
[SourceVersionDate "2014.11.20"]
[SourceQuality "1"]

1. e4 c5 2. Nf3 e6 3. d4 cxd4 4. Nxd4 Nc6 5. Be3 Nf6 6. Nc3 d6 7. Be2 Be7 8. 0-0 0-0 9. f4 e5 10. Nxc6 bxc6 11. fxe5 dxe5 12. Qxd8 Rxd8 13. Rad1 Rf8 14. a3 Bg4 15. Bf3 Rfb8 16. Na4 Rb5 17. b4 Be6 18. Bc5 Bxc5+ 19. Nxc5 Bc4 20. Rfe1 a5 21. c3 axb4 22. axb4 Rbb8 23. Rd6 Ne8 24. Rd2 Nc7 25. Bd1 Ra3 26. Ba4 Rxc3 27. Bxc6 h6 28. Rb2 Bb5 29. Bd5 Bc4 30. Bc6 Bb5 31. Bd5 Bc4 32. Bc6 1/2-1/2

[Event "Belgrade-chT"]
[Site "Belgrade"]
[Date "2014.10.18"]
[Round "5"]
[White "Ocokoljic, Zoran"]
[Black "Ugrcic, Zoran"]
[Result "1-0"]
[WhiteElo "1975"]
[BlackElo "2032"]
[PlyCount "95"]
[EventDate "2014.10.04"]
[EventType "team-tourn"]
[EventRounds "13"]
[EventCountry "SRB"]
[SourceTitle "EXT 2015"]
[Source "ChessBase"]
[SourceDate "2014.11.20"]
[SourceVersion "1"]
[SourceVersionDate "2014.11.20"]
[SourceQuality "1"]

1. c4 f5 2. Nc3 Nf6 3. g3 g6 4. Bg2 Bg7 5. e3 d6 6. Nge2 c6 7. b4 0-0 8. Bb2 e5 9. d3 Be6 10. 0-0 Qc7 11. f4 Ng4 12. Qd2 Qb6 13. Nd1 Nd7 14. h3 Ngf6 15. c5 dxc5 16. fxe5 Nh5 17. bxc5 Qxc5 18. d4 Qe7 19. e4 Rad8 20. Qe3 Nb6 21. Ba3 Qd7 22. Bxf8 Bxf8 23. exf5 gxf5 24. Qg5+ Ng7 25. Ndc3 Be7 26. Qh6 Rf8 27. Rad1 Qd8 28. h4 Bb4 29. Ne4 fxe4 30. Bxe4 Bf5 31. Bxf5 Nxf5 32. Qe6+ Kg7 33. Rxf5 Rxf5 34. Qxf5 Nd5 35. Nf4 Nxf4 36. Qxf4 Be7 37. Qg4+ Kh8 38. Rf1 Qd5 39. e6 h5 40. Qd1 Qxe6 41. Qxh5+ Kg7 42. Rf4 Qe3+ 43. Kg2 Bf6 44. Qg4+ Kf7 45. h5 Qd2+ 46. Kh3 Ke7 47. Re4+ Kd8 48. Qg8+ 1-0

[Event "Belgrade-chT"]
[Site "Belgrade"]
[Date "2014.10.04"]
[Round "1"]
[White "Kozaicevski, Fedja"]
[Black "Ocokoljic, Zoran"]
[Result "0-1"]
[WhiteElo "1887"]
[BlackElo "1975"]
[PlyCount "102"]
[EventDate "2014.10.04"]
[EventType "team-tourn"]
[EventRounds "13"]
[EventCountry "SRB"]
[SourceTitle "EXT 2015"]
[Source "ChessBase"]
[SourceDate "2014.11.20"]
[SourceVersion "1"]
[SourceVersionDate "2014.11.20"]
[SourceQuality "1"]

1. e4 e6 2. d4 d5 3. Nc3 Nf6 4. Bg5 Bb4 5. e5 h6 6. Bh4 g5 7. exf6 gxh4 8. Nf3 Qxf6 9. Qd3 Nd7 10. 0-0-0 Bxc3 11. Qxc3 Qf4+ 12. Kb1 c6 13. Qd2 Qf6 14. Qe3 Nf8 15. Bd3 Bd7 16. Qe5 Qxe5 17. dxe5 Ng6 18. Bxg6 fxg6 19. Nxh4 g5 20. Nf3 Ke7 21. h4 g4 22. Nh2 Rhg8 23. Rd4 h5 24. Rf4 g3 25. Nf3 gxf2 26. Ng5 Rgf8 27. Rxf8 Rxf8 28. Rf1 c5 29. Nf3 d4 30. Rxf2 Bc6 31. Kc1 Rf5 32. Kd2 Bxf3 33. Rxf3 Rxe5 34. Kd3 Rf5 35. Rg3 b5 36. b4 cxb4 37. Kxd4 Kd6 38. Rg5 Rxg5 39. hxg5 e5+ 40. Ke4 Ke6 41. g6 Kf6 42. g7 Kxg7 43. Kxe5 Kg6 44. Kf4 Kf6 45. Kf3 Kf5 46. g3 a6 47. Kf2 Ke4 48. Kg2 Ke3 49. Kh3 Kf3 50. Kh2 Kf2 51. Kh3 Kg1 0-1

[Event "Belgrade City-chT"]
[Site "Belgrade"]
[Date "2013.11.14"]
[Round "10"]
[White "Ocokoljic, Zoran"]
[Black "Milicevic, Predrag I"]
[Result "0-1"]
[WhiteElo "2016"]
[BlackElo "2160"]
[PlyCount "122"]
[EventDate "2013.10.26"]
[EventType "team-tourn"]
[EventRounds "11"]
[EventCountry "SRB"]
[SourceTitle "EXT 2015"]
[Source "ChessBase"]
[SourceDate "2014.11.20"]
[SourceVersion "1"]
[SourceVersionDate "2014.11.20"]
[SourceQuality "1"]

1. b3 e5 2. Bb2 f6 3. e3 d5 4. Bxe5 fxe5 5. Qh5+ Ke7 6. Qxe5+ Be6 7. Ne2 Nc6 8. Qg3 Nf6 9. Nbc3 a6 10. Nf4 Qd6 11. e4 d4 12. Ncd5+ Bxd5 13. exd5 Nb4 14. 0-0-0 Re8 15. Re1+ Kf7 16. Bc4 b5 17. Rxe8 Nxe8 18. Be2 Nf6 19. Qh4 Qc5 20. Bd1 Nbxd5 21. Nd3 Qd6 22. Re1 Qa3+ 23. Kb1 Nb4 24. Nc1 Bd6 25. Bh5+ g6 26. Bg4 Kg7 27. Bf3 Nbd5 28. g4 h6 29. g5 hxg5 30. Qxg5 Nf4 31. Be4 Qc5 32. Qxc5 Bxc5 33. Nd3 Nxd3 34. Bxd3 Rxh2 35. Rg1 Rh6 36. f4 Kf7 37. f5 gxf5 38. Bxf5 Ba3 39. Bc8 Ne4 40. Rf1+ Kg7 41. Rg1+ Kh8 42. c3 d3 43. Rd1 a5 44. Bd7 c6 45. Bf5 Nf2 46. Rf1 Kg7 47. Bd7 Ne4 48. Rg1+ Kf8 49. Bf5 Nxd2+ 50. Ka1 Nf3 51. Rf1 d2 52. Bg4 Rf6 53. Bxf3 d1Q+ 54. Rxd1 Rxf3 55. b4 a4 56. c4 bxc4 57. Kb1 Bxb4 58. Rd4 Rc3 59. Kb2 a3+ 60. Kb1 Bc5 61. Re4 Be3 0-1

[Event "Belgrade City-chT"]
[Site "Belgrade"]
[Date "2013.11.11"]
[Round "7"]
[White "Ocokoljic, Zoran"]
[Black "Petronic, Sanja"]
[Result "0-1"]
[WhiteElo "2016"]
[BlackElo "2216"]
[PlyCount "66"]
[EventDate "2013.10.26"]
[EventType "team-tourn"]
[EventRounds "11"]
[EventCountry "SRB"]
[SourceTitle "EXT 2015"]
[Source "ChessBase"]
[SourceDate "2014.11.20"]
[SourceVersion "1"]
[SourceVersionDate "2014.11.20"]
[SourceQuality "1"]

1. d4 Nf6 2. Nf3 g6 3. c4 Bg7 4. Nc3 0-0 5. e4 c5 6. d5 e6 7. Be2 exd5 8. cxd5 d6 9. 0-0 a6 10. a4 Bg4 11. Nd2 Bxe2 12. Qxe2 Nbd7 13. Nc4 Nb6 14. Bf4 Nxc4 15. Qxc4 Re8 16. Rfe1 Qc7 17. Rad1 Nd7 18. Re3 Rab8 19. Qe2 c4 20. h4 b5 21. Rc1 Nc5 22. axb5 axb5 23. Na2 Bd4 24. Qd2 Bxe3 25. Bxe3 Nb3 26. Qc3 Nxc1 27. Nxc1 Qe7 28. Bh6 Qe5 29. Qb4 Qxe4 30. Qxd6 Qe1+ 31. Kh2 Rbd8 32. Qc6 Qe5+ 33. g3 Rxd5 0-1

[Event "Belgrade Trophy 25th"]
[Site "Obrenovac"]
[Date "2011.11.24"]
[Round "1"]
[White "Ocokoljic, Zoran"]
[Black "Strikovic, Aleksa"]
[Result "0-1"]
[WhiteElo "2054"]
[BlackElo "2564"]
[PlyCount "86"]
[EventDate "2011.11.24"]
[EventType "swiss"]
[EventRounds "9"]
[EventCountry "YUG"]
[SourceTitle "CBM 145 Extra"]
[Source "ChessBase"]
[SourceDate "2012.01.03"]
[SourceVersion "1"]
[SourceVersionDate "2012.01.03"]
[SourceQuality "1"]

1. d4 d6 2. e4 Nf6 3. Nc3 e5 4. dxe5 dxe5 5. Qxd8+ Kxd8 6. Bg5 c6 7. 0-0-0+ Nbd7 8. Nf3 Ke8 9. a3 Bc5 10. Bxf6 Nxf6 11. Nxe5 Bxf2 12. Bc4 Be6 13. Bxe6 fxe6 14. Nc4 Ke7 15. Rhf1 Ng4 16. h3 Ne3 17. Rxf2 Nxc4 18. Rd4 Ne5 19. Nd1 Rhf8 20. Rxf8 Rxf8 21. Ne3 Rf2 22. Kd1 c5 23. Rd2 Rf4 24. b3 Rxe4 25. Re2 b5 26. c3 a5 27. Nc2 Rxe2 28. Kxe2 Kd6 29. b4 a4 30. Ne3 h5 31. Kd2 h4 32. Ke2 cxb4 33. cxb4 Nc4 34. Nc2 Kd5 35. Kf3 Nd6 36. g4 g5 37. Ke3 Nc4+ 38. Kd3 e5 39. Ke2 Ke4 40. Kf2 Kf4 41. Ne1 Nxa3 42. Nd3+ Ke4 43. Nc5+ Kd5 0-1

[Event "Belgrade tt Cup"]
[Site "Belgrade"]
[Date "2011.04.17"]
[Round "5"]
[White "Ivanovic, Nikola"]
[Black "Ocokoljic, Zoran"]
[Result "1/2-1/2"]
[WhiteElo "2227"]
[BlackElo "2056"]
[PlyCount "55"]
[EventDate "2011.04.13"]
[EventType "team-tourn"]
[EventRounds "5"]
[EventCountry "SRB"]
[SourceTitle "CBM 141 Extra"]
[Source "ChessBase"]
[SourceDate "2011.05.03"]
[SourceVersion "1"]
[SourceVersionDate "2011.05.03"]
[SourceQuality "1"]

1. d4 Nf6 2. c4 g6 3. Nc3 d5 4. cxd5 Nxd5 5. e4 Nxc3 6. bxc3 Bg7 7. Nf3 0-0 8. Rb1 c5 9. Be2 Nc6 10. d5 Bxc3+ 11. Bd2 Bxd2+ 12. Qxd2 Nd4 13. Nxd4 cxd4 14. Qxd4 Qa5+ 15. Qd2 Qxd2+ 16. Kxd2 Rd8 17. Ke3 e6 18. Kd4 b6 19. Rbc1 exd5 20. exd5 Bb7 21. Bf3 Rd7 22. Rhd1 Rad8 23. Ke5 Re8+ 24. Kd4 Red8 25. Kc4 Rc8+ 26. Kb5 Rcd8 27. Kc4 Rc8+ 28. Kd4 1/2-1/2

[Event "Belgrade Winter op"]
[Site "Belgrade"]
[Date "2006.01.22"]
[Round "2"]
[White "Ocokoljic, Zoran"]
[Black "Nikolic, Momir"]
[Result "0-1"]
[WhiteElo "2115"]
[BlackElo "2246"]
[PlyCount "129"]
[EventDate "2006.01.21"]
[EventType "swiss"]
[EventRounds "9"]
[EventCountry "YUG"]
[SourceTitle "CBM 110 Extra"]
[Source "ChessBase"]
[SourceDate "2006.03.10"]
[SourceVersion "2"]
[SourceVersionDate "2006.03.10"]
[SourceQuality "1"]

1. d4 Nf6 2. Nf3 c5 3. c4 g6 4. Nc3 Bg7 5. e4 d6 6. Be2 0-0 7. 0-0 Bg4 8. Be3 cxd4 9. Nxd4 Bxe2 10. Qxe2 Nc6 11. Rac1 Nd7 12. Rfd1 Rc8 13. b3 a6 14. f3 Re8 15. Qf2 Qa5 16. Nxc6 bxc6 17. Bd4 Bxd4 18. Qxd4 Red8 19. Rd2 Nc5 20. Rcd1 e5 21. Qe3 Qc7 22. Ne2 a5 23. h4 Qe7 24. h5 Rd7 25. hxg6 hxg6 26. Qh6 Rcd8 27. Kf2 Qf6 28. Ng3 Qg7 29. Qe3 Qf6 30. Rh1 Ne6 31. Ne2 d5 32. cxd5 cxd5 33. exd5 Rxd5 34. Rxd5 Rxd5 35. Qe4 Rd2 36. Qa8+ Nf8 37. Qxa5 Qd6 38. Rh4 f5 39. Rc4 e4 40. Qc3 Qd3 41. Qxd3 exd3 42. Ke3 Rxe2+ 43. Kxd3 Rxa2 44. g4 fxg4 45. fxg4 Kf7 46. Kd4 Kf6 47. b4 Kg5 48. Kd5 Nd7 49. Rd4 Nf6+ 50. Kc6 Rc2+ 51. Kb6 Nxg4 52. b5 Ne5 53. Kb7 Nc4 54. Rd5+ Kf6 55. Rd8 g5 56. Rg8 Kf5 57. Rf8+ Kg4 58. Ka6 Ra2+ 59. Kb7 Nd6+ 60. Kc6 Nxb5 61. Kxb5 Rc2 62. Kb4 Kg3 63. Kb3 Rc7 64. Kb2 g4 65. Kb3 0-1

[Event "Belgrade Ada op"]
[Site "Belgrade"]
[Date "2005.08.18"]
[Round "4"]
[White "Milanko, Nikola"]
[Black "Ocokoljic, Zoran"]
[Result "1/2-1/2"]
[WhiteElo "2066"]
[BlackElo "2040"]
[PlyCount "65"]
[EventDate "2005.08.15"]
[EventType "swiss"]
[EventRounds "9"]
[EventCountry "YUG"]
[SourceTitle "CBM 107 Extra"]
[Source "ChessBase"]
[SourceDate "2005.09.01"]
[SourceVersion "1"]
[SourceVersionDate "2005.09.01"]
[SourceQuality "1"]

1. d4 Nf6 2. Nf3 g6 3. Bf4 Bg7 4. e3 d6 5. Nbd2 0-0 6. h3 Nbd7 7. Be2 c5 8. c3 cxd4 9. cxd4 Nd5 10. Bh2 Bh6 11. 0-0 e5 12. Qb3 N5b6 13. Qb4 Qf6 14. Ne4 Qe6 15. Qxd6 exd4 16. Qxe6 fxe6 17. Nxd4 Nf6 18. Nxf6+ Rxf6 19. Be5 Rf8 20. Rac1 Nd5 21. Bf3 Nb4 22. Rc3 Nd5 23. Bxd5 exd5 24. Rc7 Re8 25. Bg3 b6 26. Rfc1 Ba6 27. Rd7 Rxe3 28. Rcc7 Rxg3 29. Rxh7 Rd3 30. Rxh6 Rxd4 31. Rxg6+ Kf8 32. Rh6 Kg8 33. Rg6+ 1/2-1/2

[Event "Belgrade Ada op"]
[Site "Belgrade"]
[Date "2005.08.15"]
[Round "1"]
[White "Ocokoljic, Zoran"]
[Black "Nikolic, Milos"]
[Result "1/2-1/2"]
[WhiteElo "2040"]
[BlackElo "2212"]
[PlyCount "80"]
[EventDate "2005.08.15"]
[EventType "swiss"]
[EventRounds "9"]
[EventCountry "YUG"]
[SourceTitle "CBM 107 Extra"]
[Source "ChessBase"]
[SourceDate "2005.09.01"]
[SourceVersion "1"]
[SourceVersionDate "2005.09.01"]
[SourceQuality "1"]

1. d4 Nf6 2. c4 g6 3. Nf3 Bg7 4. Nc3 0-0 5. e4 d6 6. Be2 e5 7. 0-0 Na6 8. Bg5 Qe8 9. h3 h6 10. dxe5 dxe5 11. Be3 c6 12. Qd6 Be6 13. Rad1 Nd7 14. b4 Qb8 15. Qd2 Kh7 16. Na4 f5 17. exf5 gxf5 18. b5 Nc7 19. Nc5 Nxc5 20. Bxc5 Rd8 21. Qe3 e4 22. Nd4 cxb5 23. Qf4 Bxd4 24. Bxd4 Ne8 25. Be5 Qc8 26. Qg3 Bf7 27. Qh4 Rxd1 28. Rxd1 Qe6 29. Qg3 Qg6 30. Rd7 Qxg3 31. fxg3 Kg8 32. cxb5 Bxa2 33. Bh5 Bc4 34. Rxb7 Rd8 35. Bf4 Nd6 36. Rxa7 Nxb5 37. Rb7 Nd6 38. Rc7 Bf7 39. Be2 h5 40. Rc6 Ne8 1/2-1/2